| 000 | 00782nam a2200229 4500 | ||
|---|---|---|---|
| 999 |
_c7470 _d7470 |
||
| 003 | AR-CdUCM | ||
| 008 | 190320b ||||| |||| 00| 0 spa d | ||
| 040 |
_aMUNICIPALIDAD PROVINCIAL DEL CUSCO _cBIBLIOTECA MUNICIPAL DEL CUSCO |
||
| 082 |
_a598 / _bAV91 |
||
| 110 |
_aSantuario historico de machupicchu _aServicio nacional de Areas naturales protegidas _921067 |
||
| 245 | _aAves / | ||
| 260 |
_aCusco : _bDe la Colina Lozada, Rafael, _c2013. |
||
| 300 |
_a60 paginas ; _bGraficos, ilustraciones, dibujos, retratos, _c20 cm. |
||
| 500 | _aTraducido al espaƱol del ingles | ||
| 650 |
_aAves _92630 |
||
| 650 |
_aMachupicchu _91751 |
||
| 650 |
_aFlora _920658 |
||
| 650 |
_aVisa silvestre _921068 |
||
| 700 |
_aCevallos Astete, Raul _921069 |
||
| 942 |
_2ddc _cLIBROS |
||
| 945 | _apjha | ||